Capitales les plus proches des Açores A-Z - Statistiques

Statistiques générales
  • Ce quiz a été pris 21 fois
  • Le résultat moyen est 15 sur 24
Statistiques - réponses
Capitales % Correct
L Lisbonne
100%
M Madrid
94%
R Rabat
89%
T Tunis
83%
D Dublin
78%
W Washington
78%
N Nouakchott
67%
V Vatican
67%
Y Yamoussoukro
67%
C Conakry
61%
F Freetown
61%
P Praia
56%
Z Zagreb
56%
A Andorre-La-Vieille
50%
B Bruxelles
50%
E Erevan
50%
O Ouagadougou
50%
Q Quito
50%
G Georgetown
44%
I Islamabad
44%
S Saint-Marin
44%
J Jérusalem
39%
K Kingstown
39%
H Helsinki
33%
Aucun quiz correspondant
Distribution des résultats
% des personnes avec chaque résultat
Percentile par nombre de réponses
Votre historique - résultats
Vous n’avez pas pris ce quiz